000 02841cam a22005774i 4500
003 PE-LiUPU
005 20250731165540.0
008 150625s r 000 0 d
020 _a8486584000
035 _a(Sirsi) i9788486584009
040 _aPE-LiUPU
_bspa
_cPE-LiUPU
_erda
082 0 4 _a465
_bB452
_221
082 0 4 _a415
_bB45 T2
_221
100 1 _aBianchi de Cortina, Edith,
_eautor.
245 1 0 _aGramática estructural :
_benciclopedia de la lengua.
_n2 /
_cEdith Bianchi de Cortina.
250 _aNo tiene
264 1 _aBarcelona, España :
_bEditorial Confersa,
_c1976.
300 _a266 páginas :
_bilustraciones, gráficos ;
_c27 cm.
336 _atext
_2rdacontent
337 _aunmediated
_2rdamedia
338 _avolume
_2rdacarrier
505 0 _aLa oración -- El sujeto -- El predicado -- El alfabeto o abecedario -- Grupos de vocales -- Grupos de consonantes -- El acento -- Familias de palabras -- Signos gráficos -- Sinónimos y antónimos -- Homónimos -- Concordancia -- El sustantivo -- El adjetivo -- El vervo -- El pronombre -- El advervio -- La preposición y la contracción -- La conjugación -- La interjección.
526 _aSEG44
526 _aSEG26
526 _aP151
526 _aP150
526 _aP149
526 _aP146
526 _aP145
526 _aP126
526 _aP125
526 _aP92
526 _aP75
526 _aP74
526 _aP27
526 _aP15
541 _g001-00003175;
910 _bgl
_chf
_d2004129
910 _btqv
_caic
_d20170116
942 _2ddc
_cBOOK
949 _aRC 465 B45 2
_wDEWEY
_c1
_i26544
_lCCODEBUL1
_mBUL
_p00.00
_r0
_sY
_tBOOK
_u2015-06-25
_xEDUCACION
_zUNKNOWN
_0COMPRA
_o.STAFF. Colección General
949 _aRC 465 B45 2
_wDEWEY
_c2
_i26543
_lCCODEBUL1
_mBUL
_p00.00
_r0
_sY
_tBOOK
_u2015-06-25
_xEDUCACION
_zUNKNOWN
_0COMPRA
_o.STAFF. Colección General
949 _a415 B45 T2
_wDEWEY
_c1
_iFJ05434
_lCCODEBUJ1
_mBUJ
_p30.00
_r0
_sY
_tBOOK
_u2017-01-16
_xBIBLIOTECA
_zUNKNOWN
_0COMPRA
_o.STAFF. Colección General Juliaca
596 _a1 3
999 _aRC 465 B45 2
_wDEWEY
_c40686
_i26544
_f2019-12-11
_g4
_lDISCARD
_mBUL
_r1
_sY
_tBOOK
_u2015-6-25
_xEDUCACION
_zUNKNOWN
_0COMPRA
_o.STAFF. Colección General
_d40686
999 _aRC 465 B45 2
_wDEWEY
_c2
_i26543
_f2019-12-11
_g4
_lDISCARD
_mBUL
_r1
_sY
_tBOOK
_u2015-6-25
_xEDUCACION
_zUNKNOWN
_0COMPRA
_o.STAFF. Colección General
999 _aRC 465 B45 2
_wDEWEY
_c3
_i74480
_f2021-11-9
_g5
_lCCODEBUL1
_mBUL
_r1
_sY
_tBOOK
_u2016-9-20
_xEDUCACION
_zUNKNOWN
_0COMPRA
_o.STAFF. Colección FACIHED
999 _a415 B45 T2
_wDEWEY
_c1
_iFJ05434
_d2019-10-7
_f2022-1-19
_g3
_lCCODEBUJ1
_mBUJ
_p30.00
_q1
_r0
_sY
_tBOOK
_u2017-1-17
_xBIBLIOTECA
_zUNKNOWN
_0COMPRA
_o.STAFF. Colección General Juliaca
980 _81
_gALBERTO SANCHEZ Responsable de Automatización